Dret pb︢lic de Catalunya

Detalles Bibliográficos
Otros Autores: Barcel ̤i Serramalera, Merc̈, Vintr ̤Castells, Joan, Arbs̤, Xavier, 1954-
Formato: Libro
Lenguaje:catalán
Publicado: Barcelona : Cedecs, 2001
Colección:Cedecs estudis constitucionals i polt̕ics
Materias:
Acceso en línea:Acceso restringido

MARC

LEADER 00000nam a2200000 a 4500
005 20120112143145.0
007 cr|||| ||||
008 010425s2001 spc|||||| 000 ||cat|c
017 |a DL B. 16760-2001 
020 |a 8495665034 
035 |a 3237 
040 |d vLex 
043 |a e-sp---  |b e-spc--  |2 catmarc 
080 |a 342(467.1) 
090 |c 2915  |d 2915 
245 0 0 |a Dret pb︢lic de Catalunya  |h [Recurso electrn̤ico] /  |c Merc ̈Barcel,̤ Joan Vintr ̤(coordinadors) ; Xavier Arbs̤... [et al.] 
256 |a Servicio en ln̕ea 
260 |a Barcelona :  |b Cedecs,  |c 2001 
300 |a 1 recurso electrn̤ico 
504 |a Bibliografa̕ 
506 1 |a Contenido solo disponible en los productos indicados  |d vLex Global   |d vLex Global (Academic Edition, excluding Law Schools)   |d vLex Global (U.S. Academic Edition, Law Schools)   |d vLex Global (U.S. Academic Edition, excluding Law Schools)   |d vLex Global (Academic Edition, Law Schools)  
650 0 4 |a Derecho pb︢lico  |z Cataluą 
650 0 4 |a Derecho pb︢lico  |x Legislacin̤  |z Cataluą 
651 4 |a Catalunya  |x Derecho constitucional 
700 1 |a Barcel ̤i Serramalera, Merc̈ 
700 1 |a Vintr ̤Castells, Joan 
700 1 |a Arbs̤, Xavier,  |d 1954- 
740 0 |a vLex Libros (Servicio en ln̕ea) 
830 0 |a Cedecs estudis constitucionals i polt̕ics 
856 4 0 |u http://vlex.com/source/dret-public-catalunya-3237  |z Acceso restringido 
942 |c BOOK 
999 0 |a Public law